| 000 | 01644cad a22003015a 4500 | ||
|---|---|---|---|
| 001 | L159916 | ||
| 008 | 100415u20180410xxk g 000 0 eng d | ||
| 035 | _a(Sirsi) u159916 | ||
| 041 | 0 | _aeng | |
| 050 | 0 | 4 | _a333.72 $2 18 |
| 110 |
_aRoyal Institution of Chartered Surveyors _94900 |
||
| 245 | 0 | 4 |
_aMinimum Energy Efficiency Standards (MEES) _bImpact on UK property management and valuation _h[electronic resource] |
| 260 |
_aLondon _bRICS _c2018 |
||
| 490 | 0 | _aRICS Research | |
| 490 | 0 | _aRICS Insight | |
| 520 | _aProvides an introduction to MEES and the potential impact of the regulations on UK property management and valuation. The scope and various exemptions of MEES for non-domestic and domestic properties is also discussed as well as advice for landlords. MEES are a key part of the strategic approach of the UK government to significantly reduce carbon emissions. Meeting these targets requires improvement of much of the built stock. This will have an impact on both domestic and non-domestic property markets. This insight paper is designed to inform property owners, managers and valuers of the potential implications of MEES, which come into force on 1 April 2018. | ||
| 590 | _aKA NTK | ||
| 650 | 2 | 4 | _aMEES |
| 650 | 2 | 4 | _aENERGY EFFICIENCY |
| 650 | 2 | 4 |
_aProperty management _96262 |
| 650 | 2 | 4 |
_aValuation _96273 |
| 651 | 4 | _aUnited Kingdom | |
| 690 |
_aEnergy _96237 |
||
| 700 | 1 | _aFrench, Nick | |
| 700 | 1 | _aSayce, Sarah | |
| 856 | 4 | 0 |
_uhttps://www.rics.org/content/dam/ricsglobal/documents/to-be-sorted/mees-impact-on-uk-property-management-and-valuation-rics.pdf _zAvailable free on RICS.org |
| 942 |
_n0 _2ddc |
||
| 999 |
_c116149 _d116149 |
||